[Event "6th HIT Open, Nova Gorica SLO"]
[Site "?"]
[Date "2001.??.??"]
[Round "5"]
[White "Sax, G."]
[Black "Pavasovic, D."]
[Result "0-1"]
[WhiteElo "2555"]
[BlackElo "2505"]
[PlyCount "55"]
[EventDate "2001.??.??"]
[Source "www.chesslib.no"]
[SourceDate "2004.05.04"]

1. e4 e5 2. Nc3 Nf6 3. f4 d5 4. fxe5 Nxe4 5. Qf3 Nxc3 6. dxc3 Be6 7. Bf4 c5 8. O-O-O Qd7 9. Bc4 Bg4 10. e6 Qxe6 11. Qxd5 Bxd1 12. Qxb7 Qxc4 13. Qc8+ Ke7 14. Nf3 Be2 15. Qb7+ Nd7 16. b3 Qa6 17. Qe4+ Qe6 18. Qxa8 f6 19. Re1 Kf7 20. Qxa7 g5 21. Bd2 Be7 22. Ng1 Qc6 23. Nxe2 Ra8 24. Nd4 cxd4 25. Qxd4 Rxa2 26. c4 Bd6 27. Bc3 Be5 28. Qd5+ 0-1

[Event "TCh-BEL 2002-3"]
[Site "Belgium"]
[Date "2003.02.23"]
[Round "9"]
[White "Hoogendoorn, Joost"]
[Black "Winants, Luc"]
[Result "0-1"]
[WhiteElo "2429"]
[BlackElo "2490"]
[PlyCount "82"]
[EventDate "2003.01.01"]
[Source "Roberto Alvarez"]
[SourceDate "2003.03.10"]

1. e4 e5 2. Nc3 Nf6 3. f4 d5 4. fxe5 Nxe4 5. Qf3 Nc6 6. Bb5 Nxc3 7. bxc3 Qh4+ 8. Kf1 a6 9. Bxc6+ bxc6 10. d4 Be7 11. g3 Qg4 12. h3 Qg6 13. Rh2 f6 14. exf6 O-O 15. fxe7 Rxf3+ 16. Nxf3 Qf7 17. Bf4 Qxe7 18. Re1 Qf8 19. h4 Bf5 20. Rf2 Re8 21. Bxc7 Rxe1+ 22. Nxe1 Qc8 23. Be5 h6 24. Nd3 Be4 25. Ke2 Qb7 26. Kd2 Qb1 27. a3 Bxd3 28. cxd3 Qb2+ 29. Ke3 Qxa3 30. Rc2 a5 31. c4 Qb3 32. Kd2 a4 33. cxd5 Qxd5 34. Rc5 Qg2+ 35. Ke3 a3 36. Ra5 a2 37. Ra8+ Kf7 38. Ra7+ Ke6 39. h5 Qg1+ 40. Kf4 Qf1+ 41. Ke4 a1=Q 0-1

[Event "Commonwealth Ch"]
[Site "Mumbai"]
[Date "2003.04.21"]
[Round "3"]
[White "Wang Yu"]
[Black "Ganguly, Surya Shekhar"]
[Result "0-1"]
[WhiteElo "2359"]
[BlackElo "2542"]
[PlyCount "42"]
[EventDate "2003.04.20"]
[Source "Roberto Alvarez"]
[SourceDate "2003.04.28"]

1. e4 e5 2. Nc3 Nf6 3. f4 d5 4. fxe5 Nxe4 5. Qf3 Nxc3 6. dxc3 Be6 7. Bf4 Nd7 8. O-O-O Be7 9. Qg3 g5 10. Be3 c5 11. Kb1 Qa5 12. Bd2 Qc7 13. Bb5 O-O-O 14. Nf3 Nb6 15. Be2 Rhg8 16. Rhe1 Kb8 17. Qf2 Ka8 18. Bc1 Na4 19. Nd2 c4 20. Nf3 g4 21. Nd4 Qb6 0-1

[Event "Budapest FS08 GM"]
[Site "Budapest"]
[Date "2000.08.12"]
[Round "8"]
[White "Antal, Gergely"]
[Black "Lukacs, Peter"]
[Result "1/2-1/2"]
[WhiteElo "2405"]
[BlackElo "2488"]
[PlyCount "60"]
[EventDate "2000.08.05"]
[Source "ChessBase"]
[SourceDate "2000.09.14"]

1. e4 e5 2. Nc3 Nf6 3. f4 d5 4. fxe5 Nxe4 5. Qf3 f5 6. Nh3 c6 7. Nf4 g6 8. d3 Nc5 9. d4 Ne4 10. Nxe4 fxe4 11. Qb3 Qb6 12. Qxb6 axb6 13. c4 Bb4+ 14. Kd1 dxc4 15. Bxc4 b5 16. Bb3 Na6 17. Ke2 Bg4+ 18. Ke3 Bf5 19. Bc2 O-O-O 20. Bxe4 Rhe8 21. Bxf5+ gxf5 22. Nd3 Ba5 23. Rf1 Bb6 24. Rxf5 Rxd4 25. Ke2 Red8 26. Nf2 Rc4 27. Be3 Rc2+ 28. Kf3 Bxe3 29. Kxe3 Rxb2 30. Ke4 Nb4 1/2-1/2

[Event "Werfen op-A"]
[Site "Werfen"]
[Date "1996.??.??"]
[Round "2"]
[White "Vlasak, Reinhard"]
[Black "Malaniuk, Vladimir P"]
[Result "0-1"]
[WhiteElo "2225"]
[BlackElo "2610"]
[PlyCount "82"]
[EventDate "1996.??.??"]
[Source "www.chesslib.no"]
[SourceDate "2004.05.04"]

1. e4 e5 2. Nc3 Nf6 3. f4 d5 4. fxe5 Nxe4 5. Qf3 Nxc3 6. bxc3 Qh4+ 7. g3 Qe4+ 8. Qxe4 dxe4 9. Bg2 Nc6 10. Bxe4 Nxe5 11. d4 Nc4 12. Ne2 Nd6 13. Bd3 Be6 14. Nf4 Bc4 15. O-O O-O-O 16. Bxc4 Nxc4 17. Nd3 f6 18. a4 a5 19. Re1 Bd6 20. Bf4 Ba3 21. Bc1 Bxc1 22. Raxc1 Rhe8 23. Kf2 b6 24. Nf4 c6 25. Ng2 Nd2 26. Re3 Rxe3 27. Kxe3 Nc4+ 28. Kf2 Re8 29. Rd1 Kc7 30. h3 Kd6 31. Rb1 Re7 32. Rd1 g5 33. Rb1 Kd5 34. Rd1 b5 35. Ra1 bxa4 36. Rxa4 c5 37. Ra1 cxd4 38. Rd1 Re4 39. Rd3 a4 40. cxd4 Rxd4 41. Ke2 a3 0-1

[Event "Concordia"]
[Site "Hamburg"]
[Date "1977.??.??"]
[Round "3"]
[White "Castro Rojas, Oscar Humberto"]
[Black "Bednarski, Jacek B"]
[Result "1/2-1/2"]
[WhiteElo "2410"]
[BlackElo "2400"]
[PlyCount "20"]
[EventDate "1977.06.??"]
[Source "ChessBase"]

1. e4 e5 2. Nc3 Nf6 3. f4 d5 4. fxe5 Nxe4 5. Qf3 Nc6 6. Bb5 Nxc3 7. bxc3 Be7 8. d4 O-O 9. Bd3 f6 10. Qh5 g6 1/2-1/2

[Event "Montpellier op-A"]
[Site "?"]
[Date "1997.??.??"]
[Round "?"]
[White "Kogan Artur"]
[Black "Guigonis Dominique"]
[Result "0-1"]
[WhiteElo "2500"]
[BlackElo "2270"]
[PlyCount "94"]
[EventDate "1997.??.??"]
[Source "www.chesslib.no"]
[SourceDate "2004.05.04"]

1. e4 e5 2. Nc3 Nf6 3. f4 d5 4. fxe5 Nxe4 5. Qf3 Nxc3 6. dxc3 Qh4+ 7. g3 Qe4+ 8. Qxe4 dxe4 9. Bg2 Nc6 10. Bf4 Bg4 11. Bxe4 O-O-O 12. h3 Bh5 13. Nf3 Bc5 14. Bxc6 bxc6 15. Nd2 f6 16. g4 Bf7 17. O-O-O Bxa2 18. exf6 gxf6 19. b4 Bf8 20. Ne4 Bd5 21. Rhe1 Bxe4 22. Rxe4 Rxd1+ 23. Kxd1 Kd7 24. Be3 a6 25. Rf4 Ke6 26. Bd4 Be7 27. Rf5 h5 28. Rxh5 Rxh5 29. gxh5 c5 30. bxc5 Bf8 31. Ke2 Bh6 32. Kd3 f5 33. c4 a5 34. Kc3 f4 35. Kb3 f3 36. Ka4 Bg7 37. Bf2 Bc3 38. c6 Kf5 39. h6 Kg6 40. Kb3 Bd2 41. c3 Kxh6 42. Kc2 Bg5 43. Kd3 Kh5 44. Bb6 Bf4 45. Bxa5 Kh4 46. Bb4 Kxh3 47. Bc5 Kg2 0-1

[Event "Open"]
[Site "Banja Luka"]
[Date "2004.12.08"]
[Round "5"]
[White "Rmus, Ante"]
[Black "Savanovic, Aleksandar"]
[Result "1/2-1/2"]
[WhiteElo "2359"]
[BlackElo "2408"]
[PlyCount "40"]
[EventDate "2004.12.04"]
[Source "Roberto Alvarez"]
[SourceDate "2004.12.13"]

1. e4 e5 2. Nc3 Nf6 3. f4 d5 4. fxe5 Nxe4 5. Qf3 f5 6. d3 Nxc3 7. bxc3 d4 8. Qg3 Nc6 9. Be2 Be6 10. Nh3 Qd7 11. O-O Bc5 12. c4 O-O-O 13. Ng5 Rdf8 14. Bf3 Nd8 15. Nxe6 Nxe6 16. Bd5 Rhg8 17. Qh3 c6 18. Bxe6 Qxe6 19. Qxh7 Qxe5 20. Qg6 Qd6 1/2-1/2

[Event "3e Tournoi de Maîtres"]
[Site "Le Mans"]
[Date "2003.??.??"]
[Round "6"]
[White "Belkhodja, Slim"]
[Black "Guadalpi, David"]
[Result "1-0"]
[WhiteElo "2436"]
[BlackElo "2309"]
[PlyCount "129"]
[EventDate "2003.02.23"]
[Source "Roberto Alvarez"]
[SourceDate "2003.03.03"]

1. e4 e5 2. Nc3 Nf6 3. f4 d5 4. fxe5 Nxe4 5. Qf3 Nxc3 6. dxc3 c5 7. Bf4 Nc6 8. Qg3 Be6 9. Nf3 Qb6 10. O-O-O h6 11. h4 O-O-O 12. Qf2 Be7 13. Kb1 Rd7 14. g3 Rhd8 15. Bh3 Na5 16. Bxe6 fxe6 17. h5 d4 18. cxd4 cxd4 19. Rd3 Nc4 20. Rb3 Qc6 21. Rd1 Bc5 22. Qe2 Bb6 23. Bc1 Rd5 24. Rbd3 Qc5 25. b3 Na3+ 26. Bxa3 Qxa3 27. c4 dxc3 28. Rxc3+ Kb8 29. Rxd5 Rxd5 30. Rd3 Qa6 31. Ne1 Qb5 32. Qf3 Rxd3 33. Nxd3 a5 34. Kc2 Ka7 35. a4 Qd7 36. Qe4 Qf7 37. Nf4 Qc7+ 38. Kd2 Bc5 39. Nd3 Be7 40. Qc4 Qb6 41. Ke2 Qg1 42. Qf4 Kb8 43. Qf2 Qb1 44. Qb6 Qc2+ 45. Ke3 Qg2 46. Qxe6 Qxg3+ 47. Kd4 Qh4+ 48. Kc3 Bg5 49. Qd6+ Ka8 50. Qf8+ Ka7 51. Qf2+ Qxf2 52. Nxf2 Kb6 53. Kd4 Kc6 54. Ne4 Bc1 55. Nd6 Ba3 56. Nf5 Bc5+ 57. Ke4 b5 58. Nd4+ Bxd4 59. Kxd4 bxa4 60. bxa4 Kd7 61. Kd5 Ke7 62. e6 Ke8 63. Kd6 Kd8 64. e7+ Ke8 65. Ke6 1-0

[Event "Cappelle op 18th"]
[Site "Cappelle la Grande"]
[Date "2002.02.09"]
[Round "1"]
[White "Sofronie, Iulian"]
[Black "Scetinin, Alexander"]
[Result "1-0"]
[WhiteElo "2458"]
[BlackElo "2279"]
[PlyCount "77"]
[EventDate "2002.02.09"]
[Source "ChessBase"]
[SourceDate "2002.03.14"]

1. e4 e5 2. Nc3 Nf6 3. f4 d5 4. fxe5 Nxe4 5. Qf3 Nc6 6. Bb5 Nxc3 7. dxc3 Be7 8. Bf4 O-O 9. O-O-O Bg5 10. Bxc6 bxc6 11. h4 Bxf4+ 12. Qxf4 f6 13. Nf3 fxe5 14. Qxe5 Bg4 15. c4 Bxf3 16. gxf3 Qf6 17. Qxf6 Rxf6 18. cxd5 cxd5 19. Rxd5 Rxf3 20. Rc5 Rf7 21. b3 h6 22. Rh3 Rb8 23. a4 Kf8 24. Rhc3 Rb7 25. a5 Ke8 26. a6 Rb6 27. Rxc7 Rxc7 28. Rxc7 Rxa6 29. Rxg7 Ra1+ 30. Kb2 Rh1 31. Rxa7 Rxh4 32. c4 h5 33. Kc3 Rh1 34. Kb4 h4 35. Kc5 Rf1 36. Rh7 Rf5+ 37. Kb6 Rf3 38. b4 Rf4 39. Kb5 1-0

[Event "UKR-ch U20 sf"]
[Site "?"]
[Date "2002.12.12"]
[Round "5"]
[White "Semenov Dmitri"]
[Black "Shepotilo Vladislav"]
[Result "0-1"]
[WhiteElo "2329"]
[BlackElo "2407"]
[PlyCount "84"]
[EventDate "2002.??.??"]
[Source "www.chesslib.no"]
[SourceDate "2004.05.04"]

1. e4 e5 2. Nc3 Nf6 3. f4 d5 4. fxe5 Nxe4 5. Qf3 Nxc3 6. bxc3 c5 7. Bb5+ Nc6 8. Ne2 Be7 9. Nf4 a6 10. Bxc6+ bxc6 11. O-O O-O 12. Nh5 Kh8 13. Qg3 Rg8 14. d3 Be6 15. Nf4 Qd7 16. Rb1 Rab8 17. Rxb8 Rxb8 18. Nh5 Rg8 19. Bg5 Bf8 20. Rb1 Qc7 21. h3 c4 22. dxc4 dxc4 23. Kh1 Bf5 24. Rd1 h6 25. Bd8 Qa7 26. Rd2 Qc5 27. Bc7 Qa3 28. Kh2 Qc1 29. Qf2 Bc5 30. Qe2 Re8 31. Kg3 Qa3 32. Qf3 Qc1 33. Qe2 Qa1 34. Ba5 Qxa2 35. Bb4 Bxb4 36. cxb4 c3 37. Rd6 Qxc2 38. Qe3 Be4 39. Rxh6+ Kg8 40. Kh4 Qd2 41. Nf6+ gxf6 42. Qg3+ Qg5+ 0-1

[Event "1st WinTV Open"]
[Site "Chennai"]
[Date "2004.01.29"]
[Round "10"]
[White "Sengupta, Deep"]
[Black "Roktim, Bandyopadhyay"]
[Result "1/2-1/2"]
[WhiteElo "2349"]
[BlackElo "2352"]
[PlyCount "70"]
[EventDate "2004.01.21"]
[Source "Roberto Alvarez"]
[SourceDate "2004.02.09"]

1. e4 e5 2. Nc3 Nf6 3. f4 d5 4. fxe5 Nxe4 5. Qf3 Nxc3 6. dxc3 Qh4+ 7. g3 Qe4+ 8. Qxe4 dxe4 9. Bg2 Nc6 10. Bf4 Bf5 11. O-O-O Bc5 12. Re1 O-O-O 13. Bxe4 Bxe4 14. Rxe4 Bxg1 15. Rxg1 Rhe8 16. Rge1 Re6 17. b4 a6 18. a4 Rde8 19. b5 Nb8 20. g4 Nd7 21. g5 f6 22. gxf6 gxf6 23. Bg3 fxe5 24. Kb2 Rf8 25. Ka3 Rf3 26. Kb4 a5+ 27. Kxa5 Rxc3 28. Bxe5 Nxe5 29. Rxe5 Rxe5 30. Rxe5 Rxc2 31. Rh5 Rc4 32. b6 cxb6+ 33. Kxb6 Rc6+ 34. Kb5 h6 35. Rf5 Kb8 1/2-1/2

[Event "TCh-CRO women"]
[Site "?"]
[Date "2003.09.10"]
[Round "4"]
[White "Krivec Jana"]
[Black "Pokorna Regina"]
[Result "1-0"]
[WhiteElo "2268"]
[BlackElo "2429"]
[PlyCount "91"]
[EventDate "2003.??.??"]
[Source "www.chesslib.no"]
[SourceDate "2004.05.04"]

1. e4 e5 2. Nc3 Nf6 3. f4 d5 4. fxe5 Nxe4 5. Qf3 Nc6 6. Bb5 Nxc3 7. dxc3 Qh4+ 8. g3 Qe4+ 9. Qxe4 dxe4 10. Bxc6+ bxc6 11. Bf4 h6 12. O-O-O Be6 13. a3 Bc5 14. h4 O-O 15. Rh2 f6 16. exf6 Rxf6 17. Re1 Bg4 18. Ne2 Bd6 19. Bxd6 cxd6 20. b4 Raf8 21. Nd4 Rf1 22. Rxf1 Rxf1+ 23. Kd2 Rg1 24. Ke3 d5 25. Nxc6 Kf8 26. Kf4 h5 27. Ne5 Rf1+ 28. Ke3 Rg1 29. Rf2+ Ke8 30. Kf4 Be6 31. c4 Re1 32. cxd5 Bxd5 33. Rd2 Bb7 34. Nc4 Rf1+ 35. Ke5 Ke7 36. Nd6 Bc6 37. Nxe4 Re1 38. Rd4 Re3 39. Kf4 Rxa3 40. c4 a6 41. c5 Ra4 42. Nd6 a5 43. Nf5+ Kf7 44. b5 Rxd4+ 45. Nxd4 Ba8 46. c6 1-0

[Event "Navarro mem"]
[Site "Santiago de Chile"]
[Date "1997.??.??"]
[Round "1"]
[White "Toloza, Pablo"]
[Black "Cortes Moyano, Julio"]
[Result "0-1"]
[WhiteElo "2385"]
[BlackElo "2295"]
[PlyCount "118"]
[EventDate "1997.??.??"]
[Source "www.chesslib.no"]
[SourceDate "2004.05.04"]

1. e4 e5 2. Nc3 Nf6 3. f4 d5 4. fxe5 Nxe4 5. Qf3 Nc6 6. Bb5 Nxc3 7. Qxc3 Qh4+ 8. Kf1 Bd7 9. Nf3 Qh5 10. d4 O-O-O 11. Bg5 Ne7 12. Bxd7+ Rxd7 13. Re1 Nc6 14. Qd3 Be7 15. Bd2 f6 16. e6 Rdd8 17. h3 g5 18. Qf5 Qg6 19. Qxg6 hxg6 20. g4 Bd6 21. Kg2 Rh7 22. b3 b5 23. c3 Re8 24. h4 gxh4 25. Rxh4 Rxh4 26. Nxh4 Rh8 27. Rh1 g5 28. Nf5 Rxh1 29. Kxh1 Kd8 30. Be1 Ke8 31. Ne3 Ne7 32. Kg2 Bf4 33. Kf3 Bxe3 34. Kxe3 Nc8 35. c4 c6 36. cxd5 cxd5 37. Bb4 Ne7 38. Kd3 Nc6 39. Bc5 a6 40. Kc3 Nd8 41. e7 Nc6 42. Bd6 Kd7 43. Ba3 f5 44. Bc1 f4 45. Bd2 Nxe7 46. Kd3 Ng8 47. Ke2 Nf6 48. Kf3 Ne4 49. Ba5 Nd6 50. Be1 Nb7 51. Ke2 a5 52. Bd2 b4 53. Bc1 Nd6 54. Kd3 Ne4 55. Ke2 Kc6 56. Kf3 Kb6 57. Kg2 Kb5 58. Kf3 a4 59. Ke2 Nc3+ 0-1

[Event "Alfonso Pedrido op 10th"]
[Site "?"]
[Date "2002.08.05"]
[Round "2.2"]
[White "Paredes Cordo Jacobo Borja"]
[Black "Pilgaard Kim"]
[Result "0-1"]
[WhiteElo "2243"]
[BlackElo "2437"]
[PlyCount "77"]
[EventDate "2002.??.??"]
[Source "www.chesslib.no"]
[SourceDate "2004.05.04"]

1. e4 e5 2. Nc3 Nf6 3. f4 d5 4. fxe5 Nxe4 5. Qf3 Nc6 6. Bb5 Nxc3 7. dxc3 Qh4+ 8. g3 Qe4+ 9. Qxe4 dxe4 10. Bf4 Bd7 11. O-O-O O-O-O 12. Bc4 Be7 13. h4 Bg4 14. Be2 Rxd1+ 15. Kxd1 Rd8+ 16. Kc1 Be6 17. a3 h6 18. h5 Bc5 19. b4 Bb6 20. Nh3 a6 21. g4 e3 22. Rd1 Re8 23. Ng1 Bd7 24. Rd5 Nd8 25. Rd3 Bb5 26. Rd1 Ne6 27. Bg3 Bxe2 28. Nxe2 Ng5 29. Bf4 Nf3 30. Rf1 Nd2 31. Re1 Nc4 32. Rf1 Kd7 33. Nd4 Ke7 34. g5 hxg5 35. Bxg5+ Kf8 36. h6 gxh6 37. Bxh6+ Kg8 38. Nf5 e2 39. Re1 0-1

[Event "Hastings ENG"]
[Site "Hastings ENG"]
[Date "1995.??.??"]
[Round "6"]
[White "Shaw, John"]
[Black "Parker, Jonathan"]
[Result "1/2-1/2"]
[WhiteElo "2280"]
[BlackElo "2400"]
[PlyCount "56"]
[EventDate "1995.??.??"]
[Source "www.chesslib.no"]
[SourceDate "2004.05.04"]

1. e4 e5 2. Nc3 Nf6 3. f4 d5 4. fxe5 Nxe4 5. Qf3 Nxc3 6. bxc3 Be7 7. d4 c5 8. Bb5+ Nc6 9. Ne2 Qb6 10. Bxc6+ Qxc6 11. O-O Be6 12. Qg3 O-O-O 13. Bg5 Bxg5 14. Qxg5 Kb8 15. Qxg7 cxd4 16. Nxd4 Qxc3 17. Nxe6 fxe6 18. Rab1 b6 19. Rf6 Rhe8 20. Rh6 Qb4 21. Rb3 Qa4 22. c3 b5 23. Kh1 Rd7 24. g3 Rde7 25. a3 Kc7 26. Qg8 Qa6 27. Qg4 Kc6 28. Qd4 Kc7 1/2-1/2

[Event "Corr"]
[Site "?"]
[Date "2002.01.15"]
[Round "?"]
[White "Ohtake Sakae"]
[Black "Kim Sergei"]
[Result "1/2-1/2"]
[WhiteElo "2398"]
[BlackElo "2254"]
[PlyCount "35"]
[EventDate "2002.??.??"]
[Source "www.chesslib.no"]
[SourceDate "2004.05.04"]

1. e4 e5 2. Nc3 Nf6 3. f4 d5 4. fxe5 Nxe4 5. Qf3 Nxc3 6. bxc3 Be7 7. d4 O-O 8. Bd3 f6 9. Qh5 g6 10. Bxg6 hxg6 11. Qxg6+ Kh8 12. Nf3 Qe8 13. Qh6+ Kg8 14. O-O Nc6 15. Nh4 fxe5 16. Bd2 Rxf1+ 17. Rxf1 Bf8 18. Rxf8+ 1/2-1/2

[Event "Villa de Marin op 2nd"]
[Site "?"]
[Date "2002.07.21"]
[Round "6.4"]
[White "Paredes Cordo Jacobo Borja"]
[Black "Gorbatow Alexej"]
[Result "0-1"]
[WhiteElo "2243"]
[BlackElo "2409"]
[PlyCount "98"]
[EventDate "2002.??.??"]
[Source "www.chesslib.no"]
[SourceDate "2004.05.04"]

1. e4 e5 2. Nc3 Nf6 3. f4 d5 4. fxe5 Nxe4 5. Qf3 Nxc3 6. dxc3 c6 7. Bf4 Qa5 8. Qg3 Na6 9. Bd3 Nc7 10. Nf3 Ne6 11. Ng5 Nxg5 12. Bxg5 Qa4 13. O-O Qg4 14. Qxg4 Bxg4 15. c4 Bc5+ 16. Kh1 Be6 17. cxd5 Bxd5 18. c4 Be6 19. Bf5 h6 20. Bxe6 fxe6 21. Bh4 Rf8 22. Rxf8+ Kxf8 23. Rd1 Ke8 24. g4 a5 25. Kg2 a4 26. Kf3 Be7 27. Be1 Rb8 28. Bc3 b5 29. cxb5 cxb5 30. a3 Rc8 31. Rd3 Rc6 32. Ke4 Kf7 33. Kf4 Kg6 34. Kg3 h5 35. gxh5+ Kxh5 36. h3 Kg6 37. Kg4 Kf7 38. Rf3+ Ke8 39. Rd3 g6 40. h4 Rc4+ 41. Rd4 Rxd4+ 42. Bxd4 Kd7 43. Be3 Kc6 44. Bg5 Bc5 45. Bf6 Be3 46. Bg5 Bd4 47. Bf6 Bxb2 48. Kg5 Bxa3 49. Kxg6 Bc1 0-1

[Event "Melbourne"]
[Site "?"]
[Date "2002.07.11"]
[Round "11"]
[White "Levi Eddy"]
[Black "Solomon Stephen J"]
[Result "1-0"]
[WhiteElo "2264"]
[BlackElo "2375"]
[PlyCount "115"]
[EventDate "2002.??.??"]
[Source "www.chesslib.no"]
[SourceDate "2004.05.04"]

1. e4 e5 2. Nc3 Nf6 3. f4 d5 4. fxe5 Nxe4 5. Qf3 Nc6 6. Bb5 Nxc3 7. dxc3 Bc5 8. Qg3 Bf5 9. Nf3 O-O 10. Bg5 Qd7 11. O-O-O Rae8 12. h4 Kh8 13. Nd4 Nxd4 14. cxd4 Qxb5 15. dxc5 Qxc5 16. Rd2 d4 17. Re1 Qd5 18. Kb1 c5 19. Qf4 f6 20. Qxf5 fxg5 21. Qxg5 h6 22. c4 Qxc4 23. Qh5 Qe6 24. g4 Rf4 25. Rg2 d3 26. g5 Rf5 27. Qd1 c4 28. gxh6 Qxh6 29. Rg5 Rxg5 30. hxg5 Qg6 31. Qd2 Kg8 32. Ka1 b5 33. a3 Qb6 34. Qf4 Qc6 35. Qd4 a5 36. g6 Qxg6 37. Qd5+ Qe6 38. Qxb5 Ra8 39. Qb7 Rf8 40. Qb5 g5 41. Qxa5 Rf2 42. Qd8+ Kf7 43. Qxg5 c3 44. Qh5+ Kf8 45. Qh8+ Qg8 46. Qh6+ Qg7 47. Qd6+ Qe7 48. Qb8+ Qe8 49. Qb4+ Qe7 50. Qxc3 d2 51. Rd1 Qf7 52. e6 Rf1 53. exf7 Rxd1+ 54. Ka2 Ra1+ 55. Kxa1 d1=Q+ 56. Ka2 Qe2 57. Qb3 Qa6 58. a4 1-0

[Event "Paris Open"]
[Site "Paris FRA"]
[Date "1994.??.??"]
[Round "9"]
[White "Belkhodja, Slim"]
[Black "Antonoff, Georges"]
[Result "1-0"]
[WhiteElo "2390"]
[BlackElo "2205"]
[PlyCount "49"]
[EventDate "1994.??.??"]
[Source "www.chesslib.no"]
[SourceDate "2004.05.04"]

1. e4 e5 2. Nc3 Nf6 3. f4 d5 4. fxe5 Nxe4 5. Qf3 Nxc3 6. dxc3 Be6 7. Bf4 Nd7 8. O-O-O Qe7 9. Qg3 O-O-O 10. Nf3 h6 11. h4 g6 12. Nd4 Bg7 13. Be2 Kb8 14. Bf3 Nb6 15. Rhe1 Rhe8 16. Nxe6 Qxe6 17. Bg4 Qc6 18. Bh3 Re7 19. b3 Rf8 20. Re3 Nd7 21. Red3 Nb6 22. c4 Rd8 23. cxd5 Rxd5 24. Rxd5 Nxd5 25. c4 1-0

[Event "Paris Ch"]
[Site "Paris FRA"]
[Date "1990.??.??"]
[Round "?"]
[White "Pichon, Jean Marc"]
[Black "Bode, Ulf"]
[Result "0-1"]
[WhiteElo "2315"]
[BlackElo "2235"]
[PlyCount "38"]
[EventDate "1990.05.??"]
[Source "www.chesslib.no"]
[SourceDate "2004.05.04"]

1. e4 e5 2. Nc3 Nf6 3. f4 d5 4. fxe5 Nxe4 5. Qf3 Nc6 6. Bb5 Nxc3 7. bxc3 Bd7 8. Qxd5 Qh4+ 9. Kf1 O-O-O 10. Nf3 Qh5 11. d4 f6 12. Be2 Bg4 13. Qb5 fxe5 14. Rb1 exd4 15. Bg5 Re8 16. Qxb7+ Kd7 17. Rb5 Bd6 18. Rd5 Rhf8 19. Qb5 Bxf3 0-1

[Event "Specsavers YM"]
[Site "?"]
[Date "2004.07.20"]
[Round "3"]
[White "Antal Gergely"]
[Black "Hart David P.O"]
[Result "1-0"]
[WhiteElo "2478"]
[BlackElo "2065"]
[PlyCount "27"]
[EventDate "2004.??.??"]
[Source "www.chesslib.no"]
[SourceDate "2004.05.04"]

1. e4 e5 2. Nc3 Nf6 3. f4 d5 4. fxe5 Nxe4 5. Qf3 Nxc3 6. bxc3 Be7 7. d4 c5 8. Bd3 O-O 9. Ne2 Be6 10. O-O Nc6 11. Be3 Rc8 12. Nf4 Bg5 13. Nxe6 fxe6 14. Qxf8+ 1-0

[Event "Acropolis WGM"]
[Site "?"]
[Date "2003.08.28"]
[Round "4"]
[White "Krivec Jana"]
[Black "Karlovich Anastazia"]
[Result "1-0"]
[WhiteElo "2268"]
[BlackElo "2273"]
[PlyCount "119"]
[EventDate "2003.??.??"]
[Source "www.chesslib.no"]
[SourceDate "2004.05.04"]

1. e4 e5 2. Nc3 Nf6 3. f4 d5 4. fxe5 Nxe4 5. Qf3 Nxc3 6. dxc3 Qh4+ 7. g3 Qe4+ 8. Qxe4 dxe4 9. Bg2 Bf5 10. Ne2 Nc6 11. Nd4 Nxd4 12. cxd4 Rd8 13. c3 c5 14. Be3 cxd4 15. Bxd4 Be7 16. O-O Bg6 17. Rae1 O-O 18. Bxe4 Bxe4 19. Rxe4 Rd5 20. b4 Bg5 21. h4 Bh6 22. g4 g6 23. g5 Bg7 24. a4 Rc8 25. Kg2 a5 26. b5 Rc4 27. Ra1 Kf8 28. Kf3 Ke7 29. Ke3 Ke6 30. Kd3 Rc8 31. c4 Rd7 32. Rf1 Rc5 33. Kc3 Rc8 34. Kb3 Ra8 35. Rff4 Rad8 36. c5 Rd5 37. Kc4 Rc8 38. b6 Rd7 39. Kb5 Bf8 40. Kc4 Be7 41. Re2 Rcd8 42. Rb2 h6 43. gxh6 g5 44. hxg5 Bxg5 45. Re4 Bxh6 46. Rf2 Bg5 47. Rg4 Be7 48. Rh2 Kf5 49. Rhg2 Ke6 50. Rf4 Rd5 51. Rg7 f6 52. Rg6 Kf7 53. Rh6 f5 54. Rxf5+ Kg7 55. Rd6 Bxd6 56. exd6+ Rxd4+ 57. Kxd4 Rh8 58. Kd5 Rh1 59. d7 Kg6 60. Ke4 1-0

[Event "Villa Ballester op 53th"]
[Site "?"]
[Date "2003.01.19"]
[Round "9"]
[White "Mahia Gustavo"]
[Black "Mareco Sandro"]
[Result "1-0"]
[WhiteElo "2377"]
[BlackElo "2162"]
[PlyCount "67"]
[EventDate "2003.??.??"]
[Source "www.chesslib.no"]
[SourceDate "2004.05.04"]

1. e4 e5 2. Nc3 Nf6 3. f4 d5 4. fxe5 Nxe4 5. Qf3 Nxc3 6. dxc3 Be7 7. Bf4 Bf5 8. O-O-O c6 9. Ne2 O-O 10. Nd4 Be4 11. Qg3 c5 12. Nf3 Nc6 13. Bd3 Qa5 14. Kb1 Bxd3 15. Rxd3 Rfd8 16. Bh6 g6 17. Ng5 d4 18. Qf4 Bxg5 19. Qxg5 Qc7 20. Re1 Qe7 21. Qf4 Rd5 22. e6 fxe6 23. g4 e5 24. Qe4 Rdd8 25. h4 Qxh4 26. Rh1 Qe7 27. Rdh3 Rd7 28. Rf3 Rdd8 29. Rhf1 dxc3 30. bxc3 Qh4 31. Be3 Na5 32. Qxe5 Qxg4 33. Bh6 Qd7 34. Qf6 1-0

[Event "Acropolis Women's GM Open"]
[Site "?"]
[Date "2005.03.07"]
[Round "2"]
[White "Krivec Jana"]
[Black "Makropoulou Marina"]
[Result "1/2-1/2"]
[WhiteElo "2284"]
[BlackElo "2237"]
[PlyCount "68"]
[EventDate "2005.??.??"]
[Source "www.chesslib.no"]
[SourceDate "2004.05.04"]

1. e4 e5 2. Nc3 Nf6 3. f4 d5 4. fxe5 Nxe4 5. Qf3 Nxc3 6. dxc3 Be6 7. Qg3 c5 8. Bb5+ Nd7 9. Nf3 h6 10. O-O a6 11. Bxd7+ Qxd7 12. Be3 Qa4 13. Qf2 Rc8 14. Nh4 d4 15. Bd2 Qxc2 16. cxd4 Qe4 17. Rae1 Qxd4 18. Be3 Qd7 19. Qg3 g5 20. Nf3 Be7 21. Nd2 Qa4 22. Qf3 Qc6 23. Ne4 Bd5 24. Rd1 Rd8 25. Qh5 Qg6 26. Qxg6 fxg6 27. Nf6+ Bxf6 28. Rxf6 Bxa2 29. Rxd8+ Kxd8 30. Bxc5 Re8 31. Bd6 Re6 32. Rf8+ Re8 33. Rf6 Re6 34. Rf8+ Re8 1/2-1/2

[Event "Ch (Women) Bled SLO"]
[Site "?"]
[Date "2003.08.06"]
[Round "5"]
[White "Krivec Jana"]
[Black "Srebrnic Ana"]
[Result "1-0"]
[WhiteElo "2268"]
[BlackElo "2243"]
[PlyCount "107"]
[EventDate "2003.??.??"]
[Source "www.chesslib.no"]
[SourceDate "2004.05.04"]

1. e4 e5 2. Nc3 Nf6 3. f4 d5 4. fxe5 Nxe4 5. Qf3 Nxc3 6. dxc3 Qh4+ 7. g3 Qe4+ 8. Qxe4 dxe4 9. Bg2 Nc6 10. Bf4 Bf5 11. O-O-O Bc5 12. Re1 h6 13. Bxe4 Bxe4 14. Rxe4 g5 15. Bd2 O-O-O 16. Nf3 Rhe8 17. Rhe1 Re6 18. b4 Bf8 19. Nd4 Rg6 20. Rf1 Re8 21. Rxf7 Nd8 22. Rf2 Bg7 23. Rf5 Re7 24. Rf1 Rxe5 25. Rfe1 Rxe4 26. Rxe4 Kd7 27. Nf5 Ne6 28. g4 Bf8 29. c4 Bd6 30. h4 Bf4 31. h5 Bxd2+ 32. Kxd2 Rf6 33. c5 a6 34. c4 Kd8 35. Re5 c6 36. Ke3 Kd7 37. a3 Rf8 38. Nxh6 Rf4 39. Re4 Rf1 40. Ke2 Ra1 41. Re3 Nf4+ 42. Kf2 Ra2+ 43. Kf3 Ra1 44. Nf5 Rf1+ 45. Ke4 Rg1 46. h6 Rh1 47. Ke5 Ke8 48. Kf6+ Kf8 49. Re7 Kg8 50. Kxg5 Nh3+ 51. Kf6 Rg1 52. Rg7+ Kh8 53. Nd6 Rf1+ 54. Ke7 1-0

[Event "Tapolca op"]
[Site "Budapest"]
[Date "2000.01.08"]
[Round "2"]
[White "Antal, Gergely"]
[Black "Papp, Zsolt"]
[Result "0-1"]
[WhiteElo "2339"]
[BlackElo "2171"]
[PlyCount "102"]
[EventDate "2000.01.07"]
[Source "www.chesslib.no"]
[SourceDate "2004.05.04"]

1. e4 e5 2. Nc3 Nf6 3. f4 d5 4. fxe5 Nxe4 5. Qf3 f5 6. Nge2 Nc6 7. Nf4 Nxe5 8. Qe2 Qh4+ 9. g3 Qg4 10. Ncxd5 Bd6 11. d3 Nf3+ 12. Kd1 Nd4 13. Qxg4 Nf2+ 14. Kd2 fxg4 15. Rg1 Nf3+ 16. Ke2 Nxg1+ 17. Kxf2 Nh3+ 18. Nxh3 gxh3 19. Bf4 O-O 20. Ke3 Bxf4+ 21. gxf4 Rf7 22. d4 c6 23. Nc3 Re7+ 24. Kd2 Bf5 25. Ne2 Rd8 26. c3 b5 27. Ng1 Re4 28. Nxh3 Bxh3 29. Bxh3 Rxf4 30. Ke3 g5 31. Bg2 Rf6 32. a4 a6 33. axb5 axb5 34. d5 c5 35. b4 Re8+ 36. Kd3 cxb4 37. cxb4 Rf4 38. Ra7 Rd8 39. Be4 h5 40. Re7 Kf8 41. Re5 Re8 42. Rf5+ Rxf5 43. Bxf5 Re5 44. Be6 Ke7 45. Kd4 Kd6 46. h3 Re1 47. Bf7 Rb1 48. Kc3 Rh1 49. Be6 Rd1 50. Bf7 h4 51. Be6 Rxd5 0-1